000 00533nam a2200169Ia 4500
008 240729s9999 xx 000 0 und d
022 _a2588-7343
245 0 _aGeoconservation Research
260 _aUnited Kingdom
260 _bOxford International Collaboration Centre Press
650 _a General. Including nature conservation, geographical distribution
650 _a Natural history (General)
650 _aScience
856 _uhttps://doaj.org/toc/a3842dd4845c425d8730407c97171d72
942 _2ddc
942 _cDOAJEJ
999 _c74620
_d74620
945 _a1
_bMadushi Gamage
_c1
_dMadushi Gamage